LEADER 00945nam a2200241 i 4500 001 000000134664 003 CaOOAMICUS 005 20140416000000.0 008 140416s1933 it u000 u ita u 013 $a107839 040 $aSeMil$bita 100 1 $aLang, Hugo.$0(OLS)http://semarc/name/38327 240 10$aAuch du eine Mutter Christi.$0(OLS)http://semarc/title/197043 245 10$aMadre di Cristo /$cHugo Lang ; traduzione dal tedesco di Luigi Rolando. 260 $aBrescia :$bMorcelliana,$c1933. 300 $a108 p. ;$c19 cm. 650 4$aMadonna - Predicazione.$0(OLS)http://semarc/subject/4832 700 1 $aRolando, Luigi.$0(OLS)http://semarc/name/50633 850 $aSeMil 852 $aSeMil$W1$xVenegono$y1$m2L I 212$j88379$B88379$CSeMilBibl$Z2$F190760 $81 961 $aOmaggio: Altro 996 $6245$aMadre di Cristo$9(OLS)http://semarc/title/197042 996 $6260$aBrescia :$bMorcelliana$9(OLS)http://semarc/publisher/29629 LEADER 01169nam a2200301 i 4500 001 000000076128 003 CaOOAMICUS 005 20050705000000.0 008 050705s1978 fr u000 u fre u 013 $a47300 020 $a2-02-004766-7 040 $aSeMil$bita 100 1 $aCastoriadis, Cornelius <1922-1997>.$0(OLS)http://semarc/name/9930 245 14$aLes carrefours du labyrinthe /$cCornelius Castoriadis. 250 $a2. tirage revu et corrigé. 260 $aParis :$bÉditions du Seuil,$c1978. 300 $a315 p. ;$c21 cm. 490 0 $aEsprit 650 4$aFilosofia.$0(OLS)http://semarc/subject/212 650 4$aPsicanalisi.$0(OLS)http://semarc/subject/1341 650 4$aScienze sociali.$0(OLS)http://semarc/subject/2594 830 0$aEsprit.$0(OLS)http://semarc/title/9271 850 $aSeMil 852 $aSeMil$W1$xVenegono$y1$m2R I 406$j42280$B42280$CSeMilBibl$Z2$F42284 $81 961 $aOmaggio: Donazione 996 $6020$a2-02-004766-7$9(OLS)http://semarc/number/56893 996 $6245$aLes carrefours du labyrinthe$9(OLS)http://semarc/title/29503 996 $6260$aParis :$bÉditions du Seuil$9(OLS)http://semarc/publisher/29806